| 000 | 00663nam a2200229Ia 4500 | ||
|---|---|---|---|
| 003 | OSt | ||
| 005 | 20220926012901.0 | ||
| 006 | a|||||r|||| 00| 0 | ||
| 007 | ta | ||
| 008 | 220923b |||||||| |||| 00| 0 eng d | ||
| 037 | _cGeneral Book | ||
| 040 |
_aRTL _cRTL _beng |
||
| 041 |
_2eng _aeng |
||
| 082 | _aU45, N7/TD | ||
| 100 |
_aGolledge Reginald G _9279528 |
||
| 245 | 0 |
_aSpatial behavior _b A geographic perspective |
|
| 260 |
_aNew York _bGuilford Press _c1997 |
||
| 300 |
_a620p _ccm. |
||
| 700 | _a Stimson Robert J | ||
| 942 |
_hU45, N7/TD _cGB _2CC |
||
| 999 |
_c624586 _d624586 |
||